| 000 | 00663nam a22002177i 4500 | ||
|---|---|---|---|
| 999 |
_c200446653 _d64865 |
||
| 001 | 200446653 | ||
| 003 | TR-AnTOB | ||
| 005 | 20220209134428.0 | ||
| 007 | ta | ||
| 008 | 220119s1993 be 000 0 eng d | ||
| 040 |
_aTR-AnTOB _beng _erda _cTR-AnTOB |
||
| 041 | 0 | _aeng | |
| 999 | _aGU 19.01.2022 | ||
| 245 | 0 | 0 |
_aStudy on the economic importance and development of subcontracting in the Community : _bSpain |
| 264 | 1 |
_aBrussels : _bCommission of the Europen Communities, _c1993. |
|
| 300 |
_a130 pages : _btables ; _c30 cm |
||
| 336 |
_atext _btxt _2rdacontent |
||
| 337 |
_aunmediated _bn _2rdamedia |
||
| 338 |
_avolume _bnc _2rdacarrier |
||
| 942 |
_2lcc _cBK |
||